00410cam a22001337a 4500008004000000020001500040082001400055100002300069245010500092260004000197300001000237650001400247650001500261180718b2004 xxu||||| |||| 00| 0 eng d a019567037x aT111 B327 aBaumol, William J. aThe free market innovation machine: analyzing the growth miracle of capitalismcby William J. Baumol aNew DelhibOxford Univ. Pressc2004 a318p. aEconomics aCapitalism